| 000 | 00346nam a22001337a 4500 | ||
|---|---|---|---|
| 020 | _a9789693516913 | ||
| 040 | _cNUST | ||
| 082 | _a745.6197 KHU | ||
| 100 |
_aGauhar, Khurshid Alam _9109893 |
||
| 245 |
_aPearls of Calligraphy : _bThe Sacred Art of Islam |
||
| 260 |
_aLAHORE: _bSANG-E-MEEL, _c2016. |
||
| 650 | _aCALLIGRAPHY | ||
| 942 |
_2ddc _cBK |
||
| 999 |
_c593532 _d593532 |
||